000 00424nam a2200145 a 4500
005 20140412111233.0
008 010521s19uu xx 00 eng d
020 _a0-8389-3255-X
050 _aM 025.317
_bA11 1980
245 _aALA filing rules /
_cAmerican Library Association. Filing Committee.
260 _aChicago :
_bAmerican Lirbary Association,
_c1980.
300 _a50p.
650 _aAlphabeting
999 _c102263
_d102263